<?xml version="1.0" encoding="UTF-8"?>
<record
    xmlns:xsi="http://www.w3.org/2001/XMLSchema-instance"
    xsi:schemaLocation="http://www.loc.gov/MARC21/slim http://www.loc.gov/standards/marcxml/schema/MARC21slim.xsd"
    xmlns="http://www.loc.gov/MARC21/slim">

  <leader>02642nam a22004575i 4500</leader>
  <controlfield tag="001">978-3-642-11105-1</controlfield>
  <controlfield tag="003">DE-He213</controlfield>
  <controlfield tag="005">20140220083743.0</controlfield>
  <controlfield tag="007">cr nn 008mamaa</controlfield>
  <controlfield tag="008">130125s2011    gw |    s    |||| 0|eng d</controlfield>
  <datafield tag="020" ind1=" " ind2=" ">
    <subfield code="a">9783642111051</subfield>
    <subfield code="9">978-3-642-11105-1</subfield>
  </datafield>
  <datafield tag="024" ind1="7" ind2=" ">
    <subfield code="a">10.1007/978-3-642-11105-1</subfield>
    <subfield code="2">doi</subfield>
  </datafield>
  <datafield tag="050" ind1=" " ind2="4">
    <subfield code="a">QA313</subfield>
  </datafield>
  <datafield tag="072" ind1=" " ind2="7">
    <subfield code="a">PBWR</subfield>
    <subfield code="2">bicssc</subfield>
  </datafield>
  <datafield tag="072" ind1=" " ind2="7">
    <subfield code="a">MAT034000</subfield>
    <subfield code="2">bisacsh</subfield>
  </datafield>
  <datafield tag="082" ind1="0" ind2="4">
    <subfield code="a">515.39</subfield>
    <subfield code="2">23</subfield>
  </datafield>
  <datafield tag="082" ind1="0" ind2="4">
    <subfield code="a">515.48</subfield>
    <subfield code="2">23</subfield>
  </datafield>
  <datafield tag="100" ind1="1" ind2=" ">
    <subfield code="a">Prato, Giuseppe.</subfield>
    <subfield code="e">editor.</subfield>
  </datafield>
  <datafield tag="245" ind1="1" ind2="0">
    <subfield code="a">Hyperbolicity</subfield>
    <subfield code="h">[electronic resource] :</subfield>
    <subfield code="b">Lectures given at the Centro Internazionale Matematico Estivo (C.I.M.E.), held in Cortona (Arezzo), Italy, June 24 &#x2013; July 2, 1976 /</subfield>
    <subfield code="c">edited by Giuseppe Prato, Giuseppe Geymonat.</subfield>
  </datafield>
  <datafield tag="264" ind1=" " ind2="1">
    <subfield code="a">Berlin, Heidelberg :</subfield>
    <subfield code="b">Springer Berlin Heidelberg :</subfield>
    <subfield code="b">Imprint: Springer,</subfield>
    <subfield code="c">2011.</subfield>
  </datafield>
  <datafield tag="300" ind1=" " ind2=" ">
    <subfield code="a">242p.</subfield>
    <subfield code="b">online resource.</subfield>
  </datafield>
  <datafield tag="336" ind1=" " ind2=" ">
    <subfield code="a">text</subfield>
    <subfield code="b">txt</subfield>
    <subfield code="2">rdacontent</subfield>
  </datafield>
  <datafield tag="337" ind1=" " ind2=" ">
    <subfield code="a">computer</subfield>
    <subfield code="b">c</subfield>
    <subfield code="2">rdamedia</subfield>
  </datafield>
  <datafield tag="338" ind1=" " ind2=" ">
    <subfield code="a">online resource</subfield>
    <subfield code="b">cr</subfield>
    <subfield code="2">rdacarrier</subfield>
  </datafield>
  <datafield tag="347" ind1=" " ind2=" ">
    <subfield code="a">text file</subfield>
    <subfield code="b">PDF</subfield>
    <subfield code="2">rda</subfield>
  </datafield>
  <datafield tag="490" ind1="1" ind2=" ">
    <subfield code="a">C.I.M.E. Summer Schools ;</subfield>
    <subfield code="v">72</subfield>
  </datafield>
  <datafield tag="505" ind1="0" ind2=" ">
    <subfield code="a">H. Brezis: First-order quasilinear equation on a torus -- J. Chazarain, A. Piriou: Probl&#xE8;mes mixtes hyperboliques: Premi&#xE8;re partie: Les probl&#xE8;mes mixtes hyperboliques v&#xE9;rifiant 1a condition de Lopatinski uniforme; Deuxi&#xE8;me partie: Propagation et r&#xE9;flexion des singularit&#xE9;s -- L. G&#xE5;rding: Introduction to hyperbolicity -- T. Kato: Linear and quasi-linear equations of evolution of hyperbolic type -- K.W. Morton: Numerical methods for non-linear hyperbolic equations of mathematical physics.</subfield>
  </datafield>
  <datafield tag="520" ind1=" " ind2=" ">
    <subfield code="a">Lectures: J. Chazarain, A. Piriou: Probl&#xE8;mes mixtes hyperboliques: Premi&#xE8;re partie: Les probl&#xE8;mes mixtes hyperboliques v&#xE9;rifiant 1a condition de Lopatinski uniforme; Deuxi&#xE8;me partie: Propagation et r&#xE9;flexion des singularit&#xE9;s.- L. G&#xE5;rding: Introduction to hyperbolicity.- T. Kato: Linear and quasi-linear equations of evolution of hyperbolic type.- K.W. Morton: Numerical methods for non-linear hyperbolic equations of mathematical physics.- Seminars: H. Brezis: First-order quasilinear equation on a torus.</subfield>
  </datafield>
  <datafield tag="650" ind1=" " ind2="0">
    <subfield code="a">Mathematics.</subfield>
  </datafield>
  <datafield tag="650" ind1=" " ind2="0">
    <subfield code="a">Differentiable dynamical systems.</subfield>
  </datafield>
  <datafield tag="650" ind1="1" ind2="4">
    <subfield code="a">Mathematics.</subfield>
  </datafield>
  <datafield tag="650" ind1="2" ind2="4">
    <subfield code="a">Dynamical Systems and Ergodic Theory.</subfield>
  </datafield>
  <datafield tag="700" ind1="1" ind2=" ">
    <subfield code="a">Geymonat, Giuseppe.</subfield>
    <subfield code="e">editor.</subfield>
  </datafield>
  <datafield tag="710" ind1="2" ind2=" ">
    <subfield code="a">SpringerLink (Online service)</subfield>
  </datafield>
  <datafield tag="773" ind1="0" ind2=" ">
    <subfield code="t">Springer eBooks</subfield>
  </datafield>
  <datafield tag="776" ind1="0" ind2="8">
    <subfield code="i">Printed edition:</subfield>
    <subfield code="z">9783642111044</subfield>
  </datafield>
  <datafield tag="830" ind1=" " ind2="0">
    <subfield code="a">C.I.M.E. Summer Schools ;</subfield>
    <subfield code="v">72</subfield>
  </datafield>
  <datafield tag="856" ind1="4" ind2="0">
    <subfield code="u">http://dx.doi.org/10.1007/978-3-642-11105-1</subfield>
  </datafield>
  <datafield tag="912" ind1=" " ind2=" ">
    <subfield code="a">ZDB-2-SMA</subfield>
  </datafield>
  <datafield tag="999" ind1=" " ind2=" ">
    <subfield code="c">106808</subfield>
    <subfield code="d">106808</subfield>
  </datafield>
</record>
